000 00992nas a2200277 4500
001 BR8500207
003 BR-BrBNA
005 20231205090052.0
007 ta
008 230509b bl.|||p| |||| 00| 00por d
040 _aBR-BrBNA
_bpor
_cBiblioteca Nacional de Agricultura
041 _a(Pt)
072 _aH20
100 1 _aCastro, H.A. de
100 1 _aKrugner, T.L.
245 1 _aMicroorganismos associados a podridao do cerne de arvores vivas de Eucalyptus spp. na regiao de Guaiba, RS [eucalipto, fungo, Rio Grande do Sul, Brasil]
246 1 _aMicroorganisms associated with a heartrot of living Eucalyptus trees in Guaiba, RS [eucalipt, fungus, Rio Grande do Sul, Brazil]
650 _aEUCALIPTO
650 _aFUNGO
650 _aPODRIDAO
650 _aGUAIBA
650 _aRIO GRANDE DO SUL
773 0 _tFitopatologia Brasileira (Brazil)
_xISSN 0100-4158
_g(Jun 1984), v. 9(2) p. 227-232
_wBR8500207
909 _a202311
_bLúcia
_c55
_dLúcia Elande
942 _2AGRIS
_n0
_cANA
999 _c115937
_d115937